000 00309nam a22001337a 4500
008 170612b xxu||||| |||| 00| 0 eng d
020 _a9780226803845
041 _aeng
080 _a32
100 _a19
101 _aSHP
245 _aMONETARY POLICY IN THE UNITED STATES
_cTIMBERLAKE,R.H
942 _2udc
_cBK
999 _c16921
_d16921